000 00308nam a22001217a 4500
020 _a8189729934
082 _a664
_bMAR/CO
245 _aControl and Analysis for Food anad Agricultural Products
260 _aNew Delhi
_bGene -Tech Books
_c2010
300 _a272
700 _aMarwaha,Kavita
_9951
942 _cBK
999 _c14548
_d14548